[Event "CRO Team Cup 2018"]
[Site "Mali Losinj"]
[Date "2018.05.20"]
[Round "6.12"]
[White "Bobanac, Miro"]
[Black "Petrov, Jole"]
[Result "1/2-1/2"]
[WhiteElo "2276"]
[BlackElo "2408"]
[Annotator "ChessBase"]
[PlyCount "127"]
[EventType "team-tourn"]
[EventCountry "CRO"]
[SourceTitle "playchess.com"]
[Source "ChessBase"]
[SourceQuality "1"]
[TimeControl "40/5400+30:1800+30"]

1. c4 {[%emt 0:00:30]} c6 {[%emt 0:01:00]} 2. Nf3 {[%emt 0:01:30]} d5 {[%emt 0:00:00]} 3. e3 {[%emt 0:00:30]} Nf6 {[%emt 0:00:00]} 4. b3 {[%emt 0:00:30]} Bf5 {[%emt 0:08:30]} 5. Bb2 {[%emt 0:01:30]} e6 {[%emt 0:00:30]} 6. Be2 {[%emt 0:01:30]} h6 {[%emt 0:00:30]} 7. O-O {[%emt 0:01:30]} Nbd7 {[%emt 0:01:30]} 8. d4 {[%emt 0:03:30]} Be7 {[%emt 0:03:30]} 9. Nbd2 {[%emt 0:01:30]} O-O {[%emt 0:04:30]} 10. Ne5 {[%emt 0:04:30]} Nxe5 {[%emt 0:06:30]} 11. dxe5 {[%emt 0:00:30]} Nd7 {[%emt 0:00:00]} 12. f4 {[%emt 0:07:30]} f6 {[%emt 0:04:00]} 13. Nf3 {[%emt 0:06:30]} fxe5 {[%emt 0:01:30]} 14. Nxe5 {[%emt 0:00:30]} Nxe5 {[%emt 0:05:30]} 15. Bxe5 {[%emt 0:00:30]} Bf6 {[%emt 0:00:30]} 16. Qd4 {[%emt 0:05:30]} Bxe5 {[%emt 0:00:30]} 17. Qxe5 {[%emt 0:00:30]} Qf6 {[%emt 0:01:30]} 18. Qxf6 {[%emt 0:01:30]} gxf6 {[%emt 0:01:30]} 19. Rfd1 {[%emt 0:05:30]} Rfd8 {[%emt 0:01:30]} 20. Bf3 {[%emt 0:01:30]} Kf7 {[%emt 0:04:30]} 21. Kf2 {[%emt 0:02:30]} Ke7 {[%emt 0:00:30]} 22. Ke2 {[%emt 0:06:30]} dxc4 {[%emt 0:20:30]} 23. bxc4 {[%emt 0:10:30]} e5 {[%emt 0:00:30]} 24. a3 {[%emt 0:07:30]} e4 {[%emt 0:06:30]} 25. Bh5 {[%emt 0:00:00]} Be6 {[%emt 0:00:00]} 26. c5 {[%emt 0:03:00]} b6 {[%emt 0:01:00]} 27. Rxd8 {[%emt 0:05:30]} Rxd8 {[%emt 0:00:30]} 28. Rd1 {[%emt 0:00:30]} Rg8 {[%emt 0:07:30]} 29. g3 {[%emt 0:01:30]} bxc5 {[%emt 0:00:30]} 30. Rb1 {[%emt 0:02:38]} Bc4+ {[%emt 0:09:34]} 31. Ke1 {[%emt 0:00:41]} Ba6 {[%emt 0:00:54]} 32. Be2 {[%emt 0:04:23]} Bxe2 {[%emt 0:02:27]} 33. Rb7+ {[%emt 0:00:27]} Ke6 {[%emt 0:00:23]} 34. Kxe2 {[%emt 0:01:46]} f5 {[%emt 0:01:07]} 35. Rh7 {[%emt 0:00:02]} Rb8 {[%emt 0:00:56]} 36. Rxh6+ {[%emt 0:01:39]} Kd5 {[%emt 0:00:17]} 37. h3 {[%emt 0:07:20]} Rb2+ {[%emt 0:00:44]} 38. Kd1 {[%emt 0:00:01]} Kc4 {[%emt 0:02:11]} 39. g4 {[%emt 0:02:05]} Kd3 {[%emt 0:00:58]} 40. Kc1 {[%emt 0:00:00]} Rc2+ {[%emt 0:00:59]} 41. Kb1 {[%emt 0:01:58]} Rf2 {[%emt 0:04:30]} 42. gxf5 {[%emt 0:01:30]} Kxe3 {[%emt 0:00:30]} 43. Rxc6 {[%emt 0:00:30]} Rxf4 {[%emt 0:03:30]} 44. Rxc5 {[%emt 0:01:30]} Kf3 {[%emt 0:00:30]} 45. Kc1 {[%emt 0:02:30]} e3 {[%emt 0:00:30]} 46. Re5 {[%emt 0:06:30]} e2 {[%emt 0:01:30]} 47. Kd2 {[%emt 0:00:30]} Rd4+ {[%emt 0:00:30]} 48. Kc3 {[%emt 0:00:30]} Rd1 {[%emt 0:01:30]} 49. f6 {[%emt 0:00:30]} e1=Q+ {[%emt 0:00:00]} 50. Rxe1 {[%emt 0:00:00]} Rxe1 {[%emt 0:00:00]} 51. f7 {[%emt 0:00:00]} Rc1+ {[%emt 0:00:30]} 52. Kd4 {[%emt 0:00:30]} Rc8 {[%emt 0:00:00]} 53. Ke5 {[%emt 0:00:30]} Kg3 {[%emt 0:01:00]} 54. Ke6 {[%emt 0:01:30]} Kxh3 {[%emt 0:00:00]} 55. Ke7 {[%emt 0:00:30]} Kg4 {[%emt 0:01:00]} 56. f8=Q {[%emt 0:01:30]} Rxf8 {[%emt 0:00:30]} 57. Kxf8 {[%emt 0:00:30]} Kf5 {[%emt 0:00:00]} 58. Ke7 {[%emt 0:01:30]} Ke5 {[%emt 0:00:00]} 59. Kd7 {[%emt 0:01:30]} Kd5 {[%emt 0:00:00]} 60. Kc7 {[%emt 0:00:30]} Kc5 {[%emt 0:00:00]} 61. Kb7 {[%emt 0:00:30]} Kc4 {[%emt 0:00:30]} 62. Kc7 {[%emt 0:00:30]} a5 {[%emt 0:00:30]} 63. Kb7 {[%emt 0:00:30]} a4 {[%emt 0:00:30]} 64. Ka6 {[%emt 0:00:00]} 1/2-1/2

[Event "CRO Team Cup 2018"]
[Site "Mali Losinj"]
[Date "2018.05.20"]
[Round "6.15"]
[White "Djurovic, Goran"]
[Black "Trbojevic, Mladen"]
[Result "1-0"]
[WhiteElo "2394"]
[BlackElo "2343"]
[Annotator "NA"]
[PlyCount "119"]
[EventType "team-tourn"]
[EventCountry "CRO"]
[SourceTitle "playchess.com"]
[Source "ChessBase"]
[SourceQuality "1"]
[TimeControl "40/5400+30:1800+30"]

1. g3 {[%emt 0:04:30]} Nf6 {[%emt 0:01:00]} 2. Bg2 {[%emt 0:00:30]} d5 {[%emt 0:00:30]} 3. d3 {[%emt 0:00:30]} e5 {[%emt 0:02:30]} 4. Nf3 {[%emt 0:00:30]} Bd6 {[%emt 0:02:30]} 5. O-O {[%emt 0:00:30]} O-O {[%emt 0:00:30]} 6. c4 {[%emt 0:00:30]} dxc4 {[%emt 0:00:30] A00: Irregular Openings} (6... c6 7. Bg5 dxc4 8. dxc4 h6 9. Bc1 Qe7 10. Nc3 Rd8 11. Qc2 e4 12. Nd4 Bxg3 13. hxg3 Rxd4 14. Be3 Rxc4 {0-1 (60) Fridman,D (2633)-Fedorchuk,S (2648) Katowice 2017}) 7. dxc4 {[%emt 0:00:00]} c6 {[%emt 0:00:30]} 8. Nc3 {[%emt 0:04:00]} Qc7 {[%emt 0:14:30]} 9. Qc2 {[%emt 0:02:30]} h6 {[%emt 0:06:30]} 10. a3 $146 {[%emt 0:07:30]} ({Predecessor:} 10. Nh4 Re8 11. h3 {0-1 (28) Wajih,N (2242)-Priyadharshan,K (2362) New Delhi 2010}) 10... a5 {[%emt 0:08:30]} 11. Na4 {[%emt 0:01:30]} Na6 {[%emt 0:16:30]} 12. c5 {[%emt 0:02:30]} Be7 {[%emt 0:00:30]} 13. Rb1 {[%emt 0:00:30]} Bg4 {[%emt 0:05:30]} 14. h3 {[%emt 0:07:30]} Be6 {[%emt 0:10:30]} 15. e4 {[%emt 0:02:30]} Nd7 {[%emt 0:00:30]} 16. Be3 {[%emt 0:00:30]} Rad8 {[%emt 0:02:30]} 17. b4 {[%emt 0:02:30]} axb4 {[%emt 0:00:30]} 18. axb4 {[%emt 0:00:30]} Kh8 {[%emt 0:04:30]} 19. Nd2 {[%emt 0:01:30]} f5 {[%emt 0:00:30]} 20. exf5 {[%emt 0:00:30]} Bxf5 {[%emt 0:00:00]} 21. Ne4 {[%emt 0:07:30]} Nf6 {[%emt 0:00:00]} 22. g4 {[%emt 0:01:30]} Bh7 {[%emt 0:01:30]} 23. b5 {[%emt 0:01:30]} cxb5 {[%emt 0:01:33]} 24. Rxb5 {[%emt 0:00:30]} Qc6 {[%emt 0:02:25]} 25. Nac3 {[%emt 0:00:00]} Nxc5 {[%emt 0:06:10]} 26. Nxc5 {[%emt 0:07:00]} Bxc2 {[%emt 0:03:36]} 27. Bxc6 {[%emt 0:00:30]} bxc6 {[%emt 0:00:01]} 28. Rb6 {[%emt 0:09:30]} Rc8 {[%emt 0:00:46]} 29. Rb2 {[%emt 0:01:30]} Bg6 {[%emt 0:00:32]} 30. Rd1 {[%emt 0:02:30]} Rfd8 {[%emt 0:01:13]} 31. Rxd8+ {[%emt 0:00:30]} Rxd8 {[%emt 0:00:18]} 32. Rb7 {[%emt 0:01:30]} Bxc5 {[%emt 0:05:19]} 33. Bxc5 {[%emt 0:00:30]} Rd3 {[%emt 0:00:28]} 34. Ne2 {[%emt 0:03:30]} Kg8 {[%emt 0:03:26]} 35. Rb8+ {[%emt 0:02:30]} Kf7 {[%emt 0:00:41]} 36. Rb7+ {[%emt 0:01:30]} Nd7 {[%emt 0:00:06]} 37. Nd4 {[%emt 0:03:30]} Rd1+ {[%emt 0:01:17]} 38. Kh2 {[%emt 0:01:30]} Ke8 {[%emt 0:00:06]} 39. Ne6 {[%emt 0:01:30]} Nxc5 {[%emt 0:00:16]} 40. Nxc5 {[%emt 0:00:00]} Bf7 {[%emt 0:00:47]} 41. Rc7 {[%emt 0:02:00]} g5 {[%emt 0:11:30]} 42. Rc8+ {[%emt 0:01:30]} Ke7 {[%emt 0:00:44]} 43. Rc7+ {[%emt 0:00:00]} Kf8 {[%emt 0:07:41]} 44. Nd7+ {[%emt 0:02:00]} Ke8 {[%emt 0:01:11]} 45. Nf6+ {[%emt 0:01:30]} Kf8 {[%emt 0:00:10]} 46. Rxc6 {[%emt 0:05:30]} Ke7 {[%emt 0:00:35]} 47. Rb6 {[%emt 0:01:30]} Re1 {[%emt 0:04:55]} 48. f3 {[%emt 0:01:30]} Re3 {[%emt 0:00:43]} 49. Kg2 {[%emt 0:00:30]} Re2+ {[%emt 0:01:22]} 50. Kg1 {[%emt 0:03:30]} Re3 {[%emt 0:01:17]} 51. Ne4 {[%emt 0:05:30]} Rxf3 {[%emt 0:02:07]} 52. Rxh6 {[%emt 0:00:00]} Bd5 {[%emt 0:00:40]} 53. Rh7+ {[%emt 0:04:00]} Kf8 {[%emt 0:00:50]} (53... Kd8 $11 54. Nxg5 Ra3) 54. Nxg5 {[%emt 0:02:30]} Rg3+ {[%emt 0:00:53]} 55. Kf2 {[%emt 0:01:30]} Rg2+ {[%emt 0:00:02]} 56. Kf1 {[%emt 0:01:30]} Rd2 $14 {[%emt 0:01:17]} 57. Rc7 {[%emt 0:00:30]} e4 {[%emt 0:01:24]} 58. Nh7+ {[%emt 0:02:30]} Ke8 {[%emt 0:00:01]} 59. Nf6+ {[%emt 0:00:30]} Kd8 {[%emt 0:00:01]} 60. Rd7+ {[%emt 0:00:00]} 1-0

[Event "CRO Team Cup 2018"]
[Site "Mali Losinj"]
[Date "2018.05.20"]
[Round "6.16"]
[White "Horvat, David"]
[Black "Bukal, Vladimir Jr"]
[Result "1/2-1/2"]
[WhiteElo "2191"]
[BlackElo "2388"]
[Annotator "NA"]
[PlyCount "41"]
[EventType "team-tourn"]
[EventCountry "CRO"]
[SourceTitle "playchess.com"]
[Source "ChessBase"]
[SourceQuality "1"]
[TimeControl "40/5400+30:1800+30"]

1. e4 {[%emt 0:00:30]} e6 {[%emt 0:02:00]} 2. d4 {[%emt 0:00:00]} d5 {[%emt 0:00:30]} 3. Nc3 {[%emt 0:00:00]} Bb4 {[%emt 0:00:30]} 4. e5 {[%emt 0:00:30]} Ne7 {[%emt 0:01:30]} 5. a3 {[%emt 0:00:30]} Bxc3+ {[%emt 0:00:30]} 6. bxc3 {[%emt 0:00:30]} c5 {[%emt 0:00:00]} 7. Nf3 {[%emt 0:00:00]} Qc7 {[%emt 0:03:00]} 8. Bf4 {[%emt 0:02:00]} b6 {[%emt 0:02:30]} 9. Bb5+ {[%emt 0:00:30]} Bd7 {[%emt 0:00:30]} 10. Bd3 {[%emt 0:00:00]} c4 {[%emt 0:03:30]} 11. Be2 {[%emt 0:03:00]} Ba4 {[%emt 0:00:30]} 12. h4 {[%emt 0:00:00]} h6 {[%emt 0:02:30]} 13. h5 {[%emt 0:00:00]} Nbc6 {[%emt 0:07:30]} 14. Nd2 {[%emt 0:07:30]} O-O-O {[%emt 0:05:30]} 15. Bg4 {[%emt 0:00:30]} Qd7 {[%emt 0:02:30]} 16. Nf1 $11 {[%emt 0:07:30]} Kb7 {[%emt 0:02:30]} 17. Ne3 {[%emt 0:05:30]} Qe8 {[%emt 0:01:30]} 18. Bg3 {[%emt 0:01:30]} Qg8 {[%emt 0:07:30]} 19. Bh4 {[%emt 0:01:30]} Rf8 {[%emt 0:02:30]} 20. f4 {[%emt 0:10:30]} f6 {[%emt 0:01:30]} 21. O-O {[%emt 0:00:30]} 1/2-1/2

[Event "CRO Team Cup 2018"]
[Site "Mali Losinj"]
[Date "2018.05.20"]
[Round "6.19"]
[White "Filipovic, Marko"]
[Black "Susnjar, Miroslav"]
[Result "*"]
[WhiteElo "2327"]
[BlackElo "2154"]
[Annotator "NA"]
[PlyCount "90"]
[EventType "team-tourn"]
[EventCountry "CRO"]
[SourceTitle "playchess.com"]
[Source "ChessBase"]
[SourceQuality "1"]
[TimeControl "40/5400+30:1800+30"]

1. d4 {[%emt 0:00:30]} Nf6 {[%emt 0:01:00]} 2. c4 {[%emt 0:00:00]} c5 {[%emt 0:00:00]} 3. d5 {[%emt 0:00:00]} d6 {[%emt 0:00:00]} 4. Nc3 {[%emt 0:00:30]} g6 {[%emt 0:00:30]} 5. e4 {[%emt 0:00:30]} Bg7 {[%emt 0:00:00]} 6. f3 {[%emt 0:00:00]} O-O {[%emt 0:01:00]} 7. Bg5 {[%emt 0:01:00]} h6 {[%emt 0:01:30]} 8. Be3 {[%emt 0:00:00]} e6 {[%emt 0:06:30]} 9. Qd2 {[%emt 0:01:00]} exd5 {[%emt 0:00:30]} 10. cxd5 {[%emt 0:00:30]} h5 {[%emt 0:18:30] LiveBook: 126 Games} 11. Bh6 {[%emt 0:17:30] A65: Modern Benoni: 6 e4} (11. a4 a6 12. a5 b5 13. axb6 Qxb6 14. Bd3 Re8 15. Nge2 Nbd7 16. O-O Qb7 17. Ra5 Ne5 18. Rfa1 Nxd3 19. Qxd3 {0-1 (32) Javanbakht,N (2436)-Firouzja,A (2558) Bushehr 2018}) 11... Nbd7 {[%emt 0:01:30]} 12. Nh3 $146 {[%emt 0:03:30]} ({Predecessor:} 12. Bxg7 Kxg7 13. Nh3 a6 14. a4 Re8 15. Be2 Rb8 16. Nf2 Ne5 17. O-O Nh7 18. Rfb1 g5 {½-½ (50) Panteleev,D-Marholev,D (2270) Sofia 1992}) 12... Ne5 {[%emt 0:02:30]} (12... Bxh6 $14 13. Qxh6 Nh7) 13. Nf2 {[%emt 0:01:30]} a6 {[%emt 0:01:30]} 14. a4 {[%emt 0:01:30]} Qa5 {[%emt 0:02:30]} 15. Bxg7 {[%emt 0:07:30]} Kxg7 {[%emt 0:00:00]} 16. Ra3 {[%emt 0:01:30]} Qd8 {[%emt 0:12:00]} (16... Qb4 $11 {keeps the balance.}) 17. Be2 {[%emt 0:01:30]} Rb8 {[%emt 0:01:30]} 18. O-O {[%emt 0:00:30]} Qe7 {[%emt 0:02:30]} 19. h3 {[%emt 0:02:30]} Re8 {[%emt 0:02:30]} 20. Nfd1 {[%emt 0:16:30]} Ned7 {[%emt 0:01:30]} 21. Ne3 {[%emt 0:02:30]} b6 {[%emt 0:03:30]} 22. Rb1 {[%emt 0:02:30]} Ne5 {[%emt 0:04:30]} 23. b4 {[%emt 0:03:30]} Qc7 {[%emt 0:07:30]} 24. Rab3 {[%emt 0:04:30]} c4 {[%emt 0:07:30]} 25. Ra3 {[%emt 0:00:30]} b5 {[%emt 0:00:30]} 26. axb5 {[%emt 0:00:30]} axb5 {[%emt 0:00:00]} 27. Ra5 {[%emt 0:00:30]} Bd7 {[%emt 0:01:00]} 28. f4 {[%emt 0:07:30]} Nd3 {[%emt 0:00:30]} 29. Bxd3 {[%emt 0:00:00]} cxd3 {[%emt 0:00:30]} 30. Qxd3 {[%emt 0:01:00]} Qb6 {[%emt 0:00:30]} 31. Re1 {[%emt 0:05:30]} Re7 {[%emt 0:02:30]} 32. Kh2 {[%emt 0:01:30]} Rbe8 {[%emt 0:00:30]} 33. Ned1 {[%emt 0:09:25]} Bf5 {[%emt 0:00:30]} 34. Rxb5 {[%emt 0:04:43]} Qa7 {[%emt 0:05:40]} 35. Ra5 {[%emt 0:04:07]} Qb6 {[%emt 0:00:09]} 36. Rb5 {[%emt 0:01:15]} Qa7 {[%emt 0:00:07]} 37. Qe3 {[%emt 0:00:10]} Qxe3 {[%emt 0:03:28]} 38. Rxe3 {[%emt 0:00:43]} Bxe4 {[%emt 0:00:51]} 39. Rb6 {[%emt 0:02:09]} Bxd5 {[%emt 0:04:04]} 40. Rxe7 {[%emt 0:00:55]} Rxe7 {[%emt 0:00:14]} 41. Rxd6 {[%emt 0:00:57]} Bb7 {[%emt 0:14:30]} 42. Rd4 {[%emt 0:02:30]} h4 {[%emt 0:02:30]} 43. f5 {[%emt 0:07:30]} g5 {[%emt 0:00:30]} 44. Nf2 $11 {[%emt 0:13:37]} Re5 {[%emt 0:06:00]} 45. Ng4 {[%emt 0:00:30]} Rxf5 {[%emt 0:00:30]} *